| 000 | 00566nam a2200229Ia 4500 | ||
|---|---|---|---|
| 003 | OSt | ||
| 005 | 20220916111011.0 | ||
| 006 | a|||||r|||| 00| 0 | ||
| 007 | ta | ||
| 008 | 220915b |||||||| |||| 00| 0 eng d | ||
| 024 | _a93731 | ||
| 037 | _cTextbook | ||
| 040 |
_beng _aARTS _cARTS |
||
| 041 | _aeng | ||
| 082 | _aU:641:N5, J8 | ||
| 100 | _ade Meyer R | ||
| 245 | 0 | _aIntroducing the Belgian congo and the Ruanda Urundi | |
| 260 | _c1958 | ||
| 650 | _aGEOGRAPHY | ||
| 942 |
_hU:641:N5, J8 _cTB _2CC |
||
| 999 |
_c102987 _d102987 |
||